书目信息 |
| 000 | 00475nam0 2200181 450 | |
| 001 | 0760515518 | |
| 005 | 20070817164835.51 | |
| 010 | @d¥1.00 | |
| 100 | @a20070817d km y0chiy0120 ea | |
| 101 | 0 | @achi |
| 200 | 1 | @a邓小平文选@Adeng xiao ping wen xuan@e1975----1982@f邓小平@Fdeng xiao ping |
| 215 | @d19cm | |
| 517 | 1 | @a1975----1982 |
| 606 | 0 | @a毛泽东著作 |
| 690 | @aA491@v3 | |
| 701 | 0 | @a邓小平@Adeng xiao ping |
| 801 | 0 | @aCN@bPFT@c20070817 |
| 905 | @a213230@dA491@eg5@f1 | |
| 邓小平文选:1975----1982/邓小平 |
| 19cm |
| ISBN :¥1.00 |
| ● |
| 相关链接 |
|
|
|
|
正题名:邓小平文选
索取号:A491/g5
 
预约/预借
| 序号 | 登录号 | 条形码 | 馆藏地/架位号 | 状态 | 备注 |
| 1 | 6500016 | 265000161 | 密集书库-马院/ [索取号:A491/g5] | 在馆 |